000 00763cam a2200217 4500
001 WB3632-16
008 000000n2000 000 0 eng u
035 _a(Sirsi) u107771
245 _aGazumping hits rental market
260 _c2000
490 _aObserver
_v13 August 2000, 1 & 12-13(2)
520 _aTenants are left stranded as gazumping infiltrates the rental market. In an attempt to curb unscrupulous landlords, the Association of Residential Letting Agents is to launch a blacklist of landlords.
590 _aWB
650 _aGAZUMPING
650 _aLETTINGS MARKET
650 _aLANDLORDS
650 _aTENANT RIGHTS
650 _aRESIDENTIAL LETTINGS
690 _aPROPERTY-RESIDENTIAL PROPERTY-RESIDENTIAL PROPERTY MARKET
942 _n0
999 _c64373
_d64373